000 00779 a2200241 4500
003 OSt
005 20180116192356.0
008 120606t xxu||||| |||| 00| 0 eng d
020 _a 0470026340 (pbk.)
020 _a9780470026342 (pbk.)
040 _c0
082 _a721.044
245 0 0 _aArchitextiles /
_c guest-edited by Mark Garcia.
260 _aLondon :
_biley-Academy,
_cc2006.
300 _a136 p. :
_b ill. (chiefly col.) ;
_c28 cm.
490 1 _aArchitectural design,
_v v. 76, no. 6
_x 0003-8504 ;
500 _a"November/December 2006".
650 1 0 _aTextile fabrics.
_94017
650 1 0 _aTextiel.
_94018
700 1 _4Garcia, Mark.
_94019
942 _aSADA
_cBK
_k721.044 ARC 2006
_2ddc
999 _c353104
_d353104